000 00295nam a2200133Ia 4500
003 OSt
005 20240410145559.0
008 170524s9999 xx 000 0 und d
020 _a9788186340745
040 _ciimtu meerut
100 _aBASANDRA-S.K.
245 0 _aCOMPUTER TODAY
942 _2ddc
_c02
999 _c3592
_d3592